00514nam a22001697a 450000500170000001000130001702000260003003500110005603700130006708200080008010000250008824500420011324600440015526000500019927000720024930000230032120210831111915.0 aUR-11214 c208.00a9789351266136 aU-9769 bDBAD/PUB a844 aو سيم فر حت  aشا ہکا ر cو سيم فر حت  aShahkar (Urdu)bEdited by Waseem Farhat aDelhic2020 ءbEducational Publishing House  a3191,Vakil Street, Kucha Pandit Lal Kuan,b Delhie110006l23216162 a352 ص c22 Cm(Hb)